[Event "Open Semana Santa 2023"]
[Site "?"]
[Date "2023.04.06"]
[Round "3.213"]
[White "Grueso Vano, Oscar"]
[Black "Ainsa Garus, Carlos"]
[Result "1-0"]
[WhiteElo "1548"]
[BlackElo "1247"]
[PlyCount "53"]

1. e4 e5 2. Nf3 Nc6 3. Nc3 Bc5 4. Nxe5 Bxf2+ 5. Kxf2 Nxe5 6. d4 Ng6 7. Bc4 d6
8. Rf1 Be6 9. Bxe6 fxe6 10. Kg1 Nf6 11. Bg5 Rf8 12. Qe2 h6 13. Bxf6 gxf6 14.
Qh5 Kf7 15. Rf3 Kg7 16. Rg3 Qe8 17. Rf1 Qf7 18. Rff3 Kh7 19. Rh3 Qg7 20. Rfg3
Rg8 21. Ne2 Qf8 22. Rf3 Qg7 23. Rxf6 Raf8 24. Rxe6 Rf7 25. c3 Rgf8 26. Ng3 Rg8
27. Nf5 1-0

[Event "Open Semana Santa 2023"]
[Site "?"]
[Date "2023.04.06"]
[Round "3.214"]
[White "Sanchez Villodres, Mario"]
[Black "Martinez Egea, Gabriel"]
[Result "0-1"]
[WhiteElo "1538"]
[BlackElo "1234"]
[PlyCount "96"]

1. d4 e6 2. c4 c6 3. Nc3 Nf6 4. Nf3 d5 5. Bg5 Be7 6. e3 Nbd7 7. cxd5 cxd5 8.
Bd3 a6 9. O-O h6 10. Bh4 b5 11. a3 Bb7 12. Rc1 Ne4 13. Bxe7 Qxe7 14. Nd2 f5 15.
Ndxe4 dxe4 16. Be2 Nf6 17. f3 O-O 18. fxe4 Nxe4 19. Nxe4 Bxe4 20. Qe1 Qg5 21.
Bf3 h5 22. Rc5 Bxf3 23. Rxf3 Rac8 24. Rg3 Qe7 25. Qc3 Rcd8 26. Qa5 h4 27. Rf3
Qd6 28. Qc3 g5 29. Rc6 Qd5 30. Rxa6 g4 31. Rf1 h3 32. Qd2 Rd7 33. Ra5 Ra8 34.
a4 Rc7 35. Rxb5 Qe4 36. Rc5 Rxc5 37. dxc5 Qc6 38. b4 Qxa4 39. Qd6 Qa2 40. gxh3
gxh3 41. Qg3+ Kf7 42. Qxh3 Rg8+ 43. Kh1 Qd5+ 44. Qf3 Qd2 45. e4 Qxb4 46. exf5
e5 47. Qd5+ Kf8 48. Qxe5 Qb7+ 0-1

[Event "Open Semana Santa 2023"]
[Site "?"]
[Date "2023.04.06"]
[Round "3.215"]
[White "Ainsa Jimenez, Lucas"]
[Black "Gil Martin, Sara"]
[Result "1-0"]
[WhiteElo "1533"]
[BlackElo "1226"]
[PlyCount "45"]

1. e4 e5 2. Nf3 Nc6 3. d4 exd4 4. Bc4 Nf6 5. e5 d5 6. Bb5 Ne4 7. Nxd4 Bd7 8.
Nxc6 Bxc6 9. Bxc6+ bxc6 10. Nd2 Nxd2 11. Bxd2 Bc5 12. Qg4 Rg8 13. O-O Qd7 14.
Qh5 Rh8 15. e6 Qe7 16. Bg5 Qf8 17. Rfe1 g6 18. exf7+ Kxf7 19. Qh4 Bd6 20. Re3
Re8 21. Rf3+ Kg7 22. Bh6+ Kg8 23. Bxf8 1-0

[Event "Open Semana Santa 2023"]
[Site "?"]
[Date "2023.04.06"]
[Round "3.216"]
[White "Ilinca Ilinca, Filip Antonio"]
[Black "Diriavka, Emma"]
[Result "1-0"]
[WhiteElo "1515"]
[BlackElo "1216"]
[PlyCount "91"]

1. c4 c6 2. g3 d5 3. cxd5 cxd5 4. d4 Nf6 5. Bg2 Bf5 6. Nc3 e6 7. Nf3 Bb4 8. Bd2
O-O 9. O-O Nc6 10. e3 Ne4 11. Nxe4 dxe4 12. Nh4 Bxd2 13. Qxd2 h6 14. Nxf5 exf5
15. f3 exf3 16. Bxf3 Rc8 17. Bxc6 Rxc6 18. Rxf5 Rg6 19. Raf1 Qd7 20. Qa5 Ra6
21. Qb5 Qe7 22. Re5 Qc7 23. a3 Rc6 24. Ref5 Rc1 25. Qb3 Rxf1+ 26. Rxf1 Qe7 27.
Qd3 Re8 28. Re1 Qf6 29. e4 Qb6 30. b4 Rd8 31. Rd1 Qe6 32. d5 Qb6+ 33. Kg2 Kf8
34. Qc4 Ke8 35. Rd3 Rd7 36. Rc3 Rd8 37. e5 Qa6 38. Qxa6 bxa6 39. Rc5 Ke7 40.
Kf3 Rd7 41. Ke4 Rb7 42. Ra5 Rb6 43. Rc5 Kd7 44. d6 f6 45. Rc7+ Kd8 46. Rxg7 1-0

[Event "Open Semana Santa 2023"]
[Site "?"]
[Date "2023.04.06"]
[Round "3.217"]
[White "Dimitrov Garcia, Dimitri Ivaylo"]
[Black "Asensio Ramon, Ismael"]
[Result "0-1"]
[WhiteElo "1175"]
[BlackElo "1511"]
[PlyCount "56"]

1. d4 d5 2. Nf3 e6 3. Bf4 c5 4. c3 Nf6 5. Nbd2 Nc6 6. e3 cxd4 7. cxd4 Bd6 8.
Bxd6 Qxd6 9. Bb5 O-O 10. Bxc6 bxc6 11. Rc1 Rb8 12. Nb3 Qb4+ 13. Rc3 Ne4 14. Qc2
Nxc3 15. bxc3 Qb5 16. h4 a5 17. h5 a4 18. Nbd2 Ba6 19. Kd1 Qe2+ 20. Kc1 Bd3 21.
Qxa4 Qxf2 22. Ne5 Qxg2 23. Re1 Bf5 24. Nd7 Ra8 25. Qd1 Rxa2 26. Nf6+ gxf6 27.
Rg1 Ra1+ 28. Nb1 Rxb1# 0-1

[Event "Open Semana Santa 2023"]
[Site "?"]
[Date "2023.04.06"]
[Round "3.218"]
[White "Saiz Sapena, Veronica"]
[Black "Arana Rodriguez, Marlon Uriel"]
[Result "1/2-1/2"]
[WhiteElo "1506"]
[BlackElo "1183"]
[PlyCount "90"]

1. e4 c5 2. Nf3 d6 3. Be2 Nc6 4. O-O Nf6 5. d3 Bg4 6. Nbd2 Qc7 7. b3 O-O-O 8.
Bb2 e5 9. h3 Be6 10. Ng5 h6 11. Nxe6 fxe6 12. Nf3 g5 13. Nh2 h5 14. g4 Nd4 15.
Bxd4 exd4 16. gxh5 Qh7 17. Bg4 Kd7 18. Qf3 Nxh5 19. Bxh5 Qxh5 20. Qxh5 Rxh5 21.
Kg2 Bg7 22. Ng4 b5 23. f4 gxf4 24. Rxf4 Ke7 25. Raf1 Rf8 26. Rxf8 Bxf8 27. Kg3
Bg7 28. Rf3 d5 29. exd5 exd5 30. Rf2 Rh8 31. Re2+ Kd7 32. h4 Re8 33. Rf2 Be5+
34. Nxe5+ Rxe5 35. Kg4 Ke7 36. h5 Re1 37. h6 Rg1+ 38. Kh5 Rh1+ 39. Kg6 Rg1+ 40.
Kh7 c4 41. Re2+ Kf7 42. dxc4 dxc4 43. bxc4 bxc4 44. Rf2+ Ke7 45. Re2+ Kf7
1/2-1/2

[Event "Open Semana Santa 2023"]
[Site "?"]
[Date "2023.04.06"]
[Round "3.218"]
[White "Blanco Ros, Adrian"]
[Black "Harouat, Alexander"]
[Result "1-0"]
[WhiteElo "1495"]
[BlackElo "1133"]
[PlyCount "71"]

1. e4 e5 2. Nf3 Nc6 3. Bc4 Bc5 4. c3 Nf6 5. d3 h6 6. O-O d6 7. a4 a6 8. Nbd2
Bg4 9. h3 Bh5 10. Re1 Qd7 11. Nf1 Bg6 12. Be3 b6 13. Bd2 d5 14. exd5 Nxd5 15.
Nxe5 Nxe5 16. Rxe5+ Ne7 17. d4 Bd6 18. Re1 O-O-O 19. Bxa6+ Kb8 20. Qf3 c6 21.
Bf4 Ka7 22. Bxd6 Qxd6 23. Bc4 Nf5 24. Re5 Rhe8 25. Rxf5 Bxf5 26. Qxf5 Qg6 27.
Qxg6 fxg6 28. Ne3 Rf8 29. Ng4 Rd6 30. Re1 Kb8 31. Re7 h5 32. Ne5 Ka8 33. Rxg7
Rf5 34. Rxg6 Rxg6 35. Nxg6 Ra5 36. b3 1-0

[Event "Open Semana Santa 2023"]
[Site "?"]
[Date "2023.04.06"]
[Round "3.220"]
[White "Arutyunov, Mikael"]
[Black "Perea Fruet, Alba"]
[Result "1-0"]
[WhiteElo "1481"]
[BlackElo "1127"]
[PlyCount "43"]

1. e4 c5 2. Nf3 e6 3. d4 cxd4 4. Nxd4 Nc6 5. Nc3 Be7 6. Be3 Nf6 7. Be2 O-O 8.
O-O Qc7 9. Qd2 b6 10. f4 d6 11. Bf3 Bb7 12. Nxc6 Bxc6 13. g4 Rad8 14. f5 e5 15.
g5 Ne8 16. Qg2 Rd7 17. f6 Bd8 18. Bg4 g6 19. Qh3 h5 20. gxh6 Ng7 21. hxg7 Re8
22. Qh8# 1-0

[Event "Open Semana Santa 2023"]
[Site "?"]
[Date "2023.04.06"]
[Round "3.221"]
[White "Beneyto De Ramon, Jaime"]
[Black "Voronaya, Eva"]
[Result "0-1"]
[WhiteElo "1070"]
[BlackElo "1480"]
[PlyCount "60"]

1. e4 c6 2. Nc3 d5 3. exd5 cxd5 4. d4 Nc6 5. Nf3 Nf6 6. Bg5 Bg4 7. Be2 h6 8.
Bxf6 exf6 9. h3 Be6 10. O-O a6 11. a3 Bd6 12. Ne1 Bc7 13. Bg4 Qd6 14. Nf3 f5
15. Bh5 g6 16. Bxg6 fxg6 17. Re1 O-O 18. Qd2 Kg7 19. Ne2 f4 20. Qd3 Bf5 21. Qd2
Be4 22. Nc3 Bxf3 23. gxf3 Rae8 24. Rxe8 Rxe8 25. Re1 Rxe1+ 26. Qxe1 Qe7 27. Qd2
Qg5+ 28. Kh2 Bb6 29. Ne2 Ne7 30. Nxf4 Bc7 0-1

[Event "Open Semana Santa 2023"]
[Site "?"]
[Date "2023.04.06"]
[Round "3.222"]
[White "Prieto Martin, Manuel"]
[Black "Munoz Martinez, Francisco"]
[Result "1-0"]
[WhiteElo "1478"]
[BlackElo "1069"]
[PlyCount "145"]
[EventDate "2023.??.??"]

1. c4 Nf6 2. Nc3 e6 3. d4 c6 4. g3 d5 5. cxd5 cxd5 6. Bg2 Nc6 7. Nf3 h6 8. O-O
Bb4 9. Bf4 a6 10. Rc1 Ba5 11. Ne5 Bb6 12. Nxc6 bxc6 13. Na4 Ba7 14. Rxc6 Bb8
15. Bxb8 Rxb8 16. Rc2 O-O 17. Qd2 Bd7 18. Nc5 Bb5 19. Rb1 Qd6 20. Nd3 Rfd8 21.
Nc5 e5 22. dxe5 Qxe5 23. Rd1 Rd6 24. Qd4 Qf5 25. Ne4 Rdd8 26. Nxf6+ gxf6 27.
Rdd2 Kg7 28. e4 dxe4 29. Qxe4 Qxe4 30. Bxe4 Re8 31. Bc6 Re1+ 32. Kg2 Bf1+ 33.
Kf3 Bh3 34. Bd7 f5 35. Kf4 Rb4+ 36. Kf3 Rg1 37. Bc6 Bg4+ 38. Ke3 Bh3 39. Kd3
Kg6 40. Kc3 Rb8 41. Rd6+ f6 42. Rcd2 Rc1+ 43. Rc2 Re1 44. Kd2 Re5 45. b3 Bg4
46. Kc3 Rc5+ 47. Kb2 Re5 48. Kc3 Rc8 49. Kd3 Rb8 50. Kc3 a5 51. a3 Re1 52. Ba4
Rb7 53. Rd7 Rb6 54. Rd5 Rbe6 55. Rxa5 Bd1 56. Rd2 Bf3 57. b4 Rh1 58. h4 Be4 59.
b5 Rc1+ 60. Kb2 Rb1+ 61. Ka2 Re5 62. f3 Rg1 63. fxe4 fxe4 64. Ra8 e3 65. Re2
Kh5 66. b6 Rf1 67. b7 Rf2 68. Bd1 Rxe2+ 69. Bxe2+ Kg6 70. b8=Q Rd5 71. Qg8+ Kf5
72. Qxd5+ Kg6 73. Rg8+ 1-0

[Event "Open Semana Santa 2023"]
[Site "?"]
[Date "2023.04.06"]
[Round "3.223"]
[White "Prochaieva, Yelyzaveta"]
[Black "Kuzmin, Rolan"]
[Result "1-0"]
[WhiteElo "1468"]
[BlackElo "1024"]
[PlyCount "57"]

1. d4 d5 2. Nf3 Nc6 3. c4 e6 4. Nc3 Nf6 5. Bg5 h6 6. Bh4 g5 7. Bg3 Ne4 8. e3
Bg7 9. Qb3 e5 10. cxd5 Nxc3 11. bxc3 g4 12. Nxe5 Nxe5 13. Bxe5 Bxe5 14. dxe5
Bf5 15. Qxb7 Qb8 16. Bb5+ Bd7 17. Bxd7+ Kxd7 18. Qc6+ Kd8 19. Qf6+ Kd7 20.
Qxf7+ Kc8 21. e6 Qb2 22. Qd7+ Kb8 23. O-O Rd8 24. Qxd8+ Kb7 25. Qd7 Rc8 26.
Rfb1 Qxb1+ 27. Rxb1+ Ka6 28. Qc6+ Ka5 29. Qb5# 1-0

[Event "Open Semana Santa 2023"]
[Site "?"]
[Date "2023.04.06"]
[Round "3.225"]
[White "CM Melkevik, Johannes"]
[Black "Jordan Martinez, David"]
[Result "0-1"]
[WhiteElo "1839"]
[BlackElo "2137"]
[PlyCount "77"]

1. d4 Nf6 2. Nf3 c5 3. d5 g6 4. Nc3 Bg7 5. e4 d6 6. Bb5+ Nfd7 7. a4 O-O 8. O-O
Nf6 9. h3 a6 10. Be2 e5 11. Nd2 Ne8 12. Nc4 Nd7 13. a5 f5 14. f4 Qe7 15. Qd3
exf4 16. Bxf4 g5 17. Bd2 f4 18. Bg4 Ne5 19. Qe2 Bxg4 20. hxg4 Nxc4 21. Qxc4
Bd4+ 22. Kh1 Nf6 23. Qe2 Rae8 24. Qf3 Nxe4 25. Nxe4 Qxe4 26. c3 Be3 27. Bxe3
fxe3 28. Qxe4 Rxe4 29. Rxf8+ Kxf8 30. g3 e2 31. Re1 Kf7 32. Kg2 Kf6 33. Kf3 Ke5
34. c4 Kd4 35. b3 Re3+ 36. Kf2 Kd3 37. Ra1 e1=Q+ 38. Rxe1 Rxe1 39. Kxe1 0-1

[Event "Open Semana Santa 2023"]
[Site "?"]
[Date "2023.04.07"]
[Round "4.1"]
[White "GM Mendonca, Leon Luke"]
[Black "IM Martinez Ramirez, Lennis"]
[Result "1-0"]
[WhiteElo "2596"]
[BlackElo "2428"]
[PlyCount "139"]
[EventDate "2023.??.??"]

1. d4 e6 2. c4 Bb4+ 3. Bd2 Bxd2+ 4. Qxd2 Nf6 5. Nc3 d5 6. e3 O-O 7. cxd5 exd5
8. Bd3 Re8 9. Nge2 Nc6 10. f3 Qe7 11. Kf2 Nb4 12. Bb1 b6 13. a3 Na6 14. Bc2 c5
15. Rhe1 Nc7 16. Rad1 Ba6 17. Nf4 Rad8 18. Ba4 b5 19. Bc2 Ne6 20. dxc5 Qxc5 21.
Nce2 b4 22. axb4 Qb6 23. Nd4 Nxf4 24. exf4 Rxe1 25. Rxe1 g6 26. Ba4 Rc8 27. Bb3
Bc4 28. Rc1 Ne8 29. Ba4 Nd6 30. b3 Nf5 31. Rd1 Ba6 32. Bd7 Nxd4 33. Qxd4 Rc2+
34. Kg3 Qxd4 35. Rxd4 Bf1 36. Bh3 f5 37. Rd1 Bb5 38. Rxd5 a6 39. Kh4 h6 40. g4
fxg4 41. Bxg4 Rxh2+ 42. Kg3 Rb2 43. f5 h5 44. Bh3 g5 45. f6 Kf7 46. Rxg5 Rxb3
47. Rxh5 Rxb4 48. Rh6 Bd3 49. f4 Rb6 50. f5 Rxf6 51. Rh5 a5 52. Kf4 a4 53. Rh7+
Kg8 54. Rd7 Bc4 55. Rc7 Bb3 56. Ra7 Rf7 57. Ra6 Kh7 58. f6 Rb7 59. Bf5+ Kg8 60.
Kg5 Rb5 61. Ra8+ Kf7 62. Ra7+ Kf8 63. Kg6 Bd5 64. Rh7 Rb6 65. Rc7 Rb8 66. Rd7
Bc6 67. Rf7+ Kg8 68. Rg7+ Kf8 69. Be6 Be8+ 70. Kh6 1-0

[Event "Open Semana Santa 2023"]
[Site "?"]
[Date "2023.04.07"]
[Round "4.2"]
[White "IM Alonso Garcia, Aaron"]
[Black "GM Jacobson, Brandon"]
[Result "1-0"]
[WhiteElo "2426"]
[BlackElo "2556"]
[PlyCount "87"]

1. e4 e5 2. Nf3 Nc6 3. Bb5 a6 4. Ba4 Nf6 5. O-O d6 6. Re1 Bd7 7. c3 g6 8. d4
Bg7 9. d5 Ne7 10. Bxd7+ Nxd7 11. a4 h6 12. a5 O-O 13. c4 f5 14. Nc3 Nf6 15. Ra4
Qd7 16. Qb3 Rab8 17. Be3 c5 18. dxc6 bxc6 19. Bb6 c5 20. Qd1 Nc6 21. Nd2 h5 22.
Nd5 Bh6 23. Nxf6+ Rxf6 24. Nb1 Nd4 25. Nc3 f4 26. f3 g5 27. Ne2 g4 28. Nxd4
cxd4 29. Kh1 gxf3 30. gxf3 Rg6 31. Ra1 Kh7 32. Rg1 Rg3 33. Qf1 Rxg1+ 34. Qxg1
Rg8 35. Qf1 Bg5 36. b4 Bh4 37. b5 Qc8 38. bxa6 d3 39. Qxd3 Bg3 40. Qf1 Qxa6 41.
hxg3 Rxg3 42. Ra2 Qc8 43. Bg1 d5 44. Bh2 1-0

[Event "Open Semana Santa 2023"]
[Site "?"]
[Date "2023.04.07"]
[Round "4.4"]
[White "GM Sosa, Tomas"]
[Black "FM Trigo Urquijo, Sergio"]
[Result "1-0"]
[WhiteElo "2544"]
[BlackElo "2408"]
[PlyCount "97"]

1. e4 c6 2. Nf3 d5 3. Nc3 dxe4 4. Nxe4 Nf6 5. Qe2 Nxe4 6. Qxe4 Qd5 7. Qf4 Qf5
8. Qe3 Qe6 9. b3 Qxe3+ 10. fxe3 Bf5 11. Bb2 Nd7 12. O-O-O f6 13. Nd4 Bg4 14.
Re1 Nb6 15. h3 Bd7 16. g4 g6 17. Bd3 Bg7 18. Rhg1 e5 19. Ne2 O-O-O 20. h4 Rde8
21. c4 Rhg8 22. h5 e4 23. Bc2 f5 24. Bxg7 Rxg7 25. gxf5 Bxf5 26. Ng3 Rge7 27.
Nxf5 gxf5 28. Ref1 Rf7 29. Rf4 Kd7 30. Rgf1 Ke6 31. Bxe4 Ref8 32. Bg2 Rg7 33.
Bh3 Rg5 34. Rxf5 Rfxf5 35. Rxf5 Rxf5 36. e4 Ke5 37. Bxf5 h6 38. c5 Na8 39. Bc8
b6 40. Bb7 Nc7 41. cxb6 axb6 42. Bxc6 Ne6 43. a4 Ng7 44. b4 Nxh5 45. a5 bxa5
46. bxa5 Kd6 47. Bb7 Nf4 48. a6 Kc7 49. Kc2 1-0

[Event "Open Semana Santa 2023"]
[Site "?"]
[Date "2023.04.07"]
[Round "4.5"]
[White "GM Maurizzi, Marc`andria"]
[Black "IM Cruz Lledo, Pablo"]
[Result "1-0"]
[WhiteElo "2536"]
[BlackElo "2395"]
[PlyCount "47"]

1. e4 c6 2. d4 d5 3. Nc3 dxe4 4. Nxe4 Nf6 5. Nxf6+ exf6 6. c3 Bd6 7. Bd3 O-O 8.
Qc2 Re8+ 9. Ne2 g6 10. h4 Be6 11. h5 f5 12. Qd2 Nd7 13. hxg6 fxg6 14. Rxh7 Nf6
15. Rh6 Bf7 16. Qg5 Bf8 17. Rxg6+ Bxg6 18. Qxg6+ Bg7 19. Bg5 Kf8 20. Bc4 Qe7
21. O-O-O b5 22. Bb3 c5 23. dxc5 Rad8 24. Nd4 1-0

[Event "Open Semana Santa 2023"]
[Site "?"]
[Date "2023.04.07"]
[Round "4.6"]
[White "IM Veiga, Jose Francisco R P N"]
[Black "IM Iermito, Sebastian"]
[Result "1/2-1/2"]
[WhiteElo "2403"]
[BlackElo "2533"]
[Annotator "Usuario"]
[PlyCount "38"]
[EventDate "2023.??.??"]

1. e4 c5 2. Nf3 e6 3. d4 cxd4 4. Nxd4 a6 5. c4 Nf6 6. Nc3 Qc7 7. a3 b6 8. Be3
Bb7 9. f3 Be7 10. Be2 O-O 11. O-O d6 12. Qd2 Nbd7 13. Rfc1 Rac8 14. a4 Qb8 15.
Kh1 h5 16. Nd1 Rfe8 17. a5 bxa5 18. Rxa5 Ne5 19. b4 Bd8 $11 1/2-1/2

[Event "Open Semana Santa 2023"]
[Site "?"]
[Date "2023.04.07"]
[Round "4.7"]
[White "GM Almeida Quintana, Omar"]
[Black "IM Tejedor Fuente, Enrique"]
[Result "1/2-1/2"]
[WhiteElo "2526"]
[BlackElo "2390"]
[Annotator "Usuario"]
[PlyCount "62"]

1. d4 d5 2. Nf3 Nf6 3. c4 c6 4. Qc2 e6 5. g3 Na6 6. Nbd2 Nb4 7. Qb3 c5 8. a3
Nc6 9. cxd5 exd5 10. Bg2 Qb6 11. dxc5 Bxc5 12. O-O O-O 13. Qxb6 Bxb6 14. b4 a5
15. bxa5 Rxa5 16. Bb2 Ne4 17. a4 Nc5 18. Ba3 Re8 19. Bxc5 Rxc5 20. Rfb1 Ba7 21.
e3 Rd8 22. Rb5 Na5 23. Nd4 Rxb5 24. Nxb5 Bc5 25. Rc1 b6 26. Nf3 Bf5 27. Nfd4
Bd3 28. Rd1 Bc4 29. Nc3 Bxd4 30. exd4 Nb3 31. Bf1 Kf8 $11 1/2-1/2

[Event "Open Semana Santa 2023"]
[Site "?"]
[Date "2023.04.07"]
[Round "4.8"]
[White "FM Macias Pino, Diego"]
[Black "GM Xu, Yi"]
[Result "0-1"]
[WhiteElo "2395"]
[BlackElo "2505"]
[PlyCount "92"]

1. e4 c5 2. Nf3 Nc6 3. Bb5 e6 4. Bxc6 bxc6 5. d3 Qc7 6. e5 f6 7. Qe2 Ne7 8. b3
fxe5 9. Nxe5 d6 10. Nc4 Nf5 11. c3 Be7 12. Nbd2 e5 13. O-O O-O 14. Nf3 h6 15.
Bb2 Bf6 16. Ne3 a5 17. Nd2 Bd7 18. Ne4 Be7 19. Nxf5 Bxf5 20. Ng3 Bc8 21. Rfe1
Ba6 22. Qc2 Bf6 23. Rad1 Rae8 24. Re4 Bc8 25. Ra4 Be6 26. d4 d5 27. dxc5 e4 28.
Bc1 Bg4 29. Re1 Be5 30. Be3 h5 31. Nf1 Re6 32. Bg5 Rg6 33. Qd2 Bxc3 34. Qxc3
Rxg5 35. Qg3 Qe7 36. Qh4 Qxc5 37. h3 Bd7 38. Ne3 Qc3 39. Rd1 Qe5 40. Nc4 dxc4
41. Rxd7 Rf4 42. g4 e3 43. Rd8+ Kh7 44. f3 e2 45. Qe1 Rxf3 46. Qb1+ Rg6 0-1

[Event "Open Semana Santa 2023"]
[Site "?"]
[Date "2023.04.07"]
[Round "4.9"]
[White "IM Ajay Krishna, S."]
[Black "GM Solodovnichenko, Yuri"]
[Result "1-0"]
[WhiteElo "2382"]
[BlackElo "2489"]
[PlyCount "57"]
[EventDate "2023.??.??"]

1. d4 d5 2. Nf3 e6 3. Bf4 Bd6 4. e3 b6 5. c3 Nf6 6. Nbd2 O-O 7. Bg3 Bb7 8. Ne5
Nbd7 9. f4 Ne4 10. Nxe4 dxe4 11. Bb5 Nb8 12. Qg4 f5 13. Qh5 Bxe5 14. fxe5 Qc8
15. O-O Ba6 16. Bxa6 Nxa6 17. Bh4 Rf7 18. g4 c6 19. Kh1 Qd7 20. gxf5 exf5 21.
Rg1 Raf8 22. Rg3 Nc7 23. Rag1 Ne8 24. Rh3 Kh8 25. Rg6 Nf6 26. exf6 gxf6 27. Rh6
Kg8 28. Bxf6 Rxf6 29. Rxh7 1-0

[Event "Open Semana Santa 2023"]
[Site "?"]
[Date "2023.04.07"]
[Round "4.10"]
[White "IM Vega Gutierrez, Sabrina"]
[Black "IM Camacho Collados, Marcos"]
[Result "1-0"]
[WhiteElo "2370"]
[BlackElo "2465"]
[PlyCount "91"]

1. e4 c5 2. Nf3 d6 3. d4 Nf6 4. Nc3 cxd4 5. Nxd4 a6 6. Bd3 e5 7. Nde2 Be7 8.
O-O O-O 9. Ng3 Bg4 10. f3 Be6 11. Nd5 Bxd5 12. exd5 Nbd7 13. Nf5 Nxd5 14. Be4
N5f6 15. Bxb7 Rb8 16. Nxe7+ Qxe7 17. Bxa6 d5 18. Kh1 Rfd8 19. a4 h6 20. Bb5 Nc5
21. Qe2 Rb6 22. b4 Nb7 23. a5 Re6 24. a6 Nd6 25. Ba4 Nf5 26. b5 e4 27. fxe4
Nxe4 28. Qd3 Qf6 29. Be3 Neg3+ 30. hxg3 Nxg3+ 31. Kg1 Qh4 32. Rf4 Qh1+ 33. Kf2
Qxa1 34. Kxg3 d4 35. Rxd4 Rxd4 36. Qxd4 Qh1 37. Qd8+ Kh7 38. Qd3+ Rg6+ 39. Kf2
Qxg2+ 40. Ke1 Qg3+ 41. Kd2 Qg4 42. Bb3 f5 43. a7 Qb4+ 44. Kc1 Qa3+ 45. Kb1 Qf8
46. Qd5 1-0

[Event "Open Semana Santa 2023"]
[Site "?"]
[Date "2023.04.07"]
[Round "4.12"]
[White "FM Carnicelli, Valerio"]
[Black "IM Murphy, Conor E"]
[Result "0-1"]
[WhiteElo "2370"]
[BlackElo "2450"]
[Annotator "Usuario"]
[PlyCount "148"]

1. e4 e5 2. Nf3 Nc6 3. d4 exd4 4. Nxd4 Qf6 5. Nf3 Bb4+ 6. c3 Bc5 7. Nbd2 Nge7
8. Be2 O-O 9. O-O h6 10. Nc4 d5 11. exd5 Rd8 12. Be3 Rxd5 13. Qb3 $11 a5 14. a4
Nf5 15. Bf4 Rd7 16. Qb5 b6 17. Nce5 Nxe5 18. Bxe5 Qg6 19. Bf4 Re7 20. Ne5 Rxe5
21. Bxe5 Bb7 22. g3 Qe6 23. Bc4 Qxe5 24. Rae1 Qf6 25. Re8+ Kh7 26. Rxa8 Bxa8
27. Qe8 Bc6 28. Qxf7 Qxf7 29. Bxf7 Bxa4 30. Bd5 g6 31. Re1 Kg7 32. Kg2 Ne7 33.
Be4 Bc6 34. f4 Kf6 35. Kf3 Bxe4+ 36. Kxe4 c6 37. g4 b5 38. h4 Bf2 39. g5+ Kf7
40. Ra1 h5 41. Rxa5 Ke6 42. Kf3 Bxh4 43. Ra6 Kd6 44. Ra8 Kd7 45. Ra7+ Kd6 46.
Ra8 b4 47. cxb4 Be1 48. Rb8 Kc7 49. Rf8 Bxb4 50. Ke4 Kd7 51. Rf7 Bd6 52. b3 Ba3
53. Rf8 Bb2 54. Rf7 Ke6 55. Rf8 Nf5 56. Rg8 Kf7 57. Ra8 Bd4 58. Ra6 c5 59. Ra7+
Ke6 60. Ra6+ Nd6+ 61. Kf3 Bg7 62. Rc6 Kd5 63. Rc7 Nf5 64. Ra7 Bf8 65. Ra8 Bd6
66. Rg8 Ne7 67. Rd8 Ke6 68. Ke4 Nd5 69. Re8+ Kd7 70. Rg8 Nxf4 71. Rg7+ Ke6 72.
Rg8 Kf7 73. Rd8 Be7 74. Rd7 Ne6 0-1

[Event "Open Semana Santa 2023"]
[Site "?"]
[Date "2023.04.07"]
[Round "4.13"]
[White "GM Campora, Daniel H."]
[Black "IM Garcia Ramos, Daniel"]
[Result "0-1"]
[WhiteElo "2348"]
[BlackElo "2442"]
[PlyCount "74"]

1. e4 c6 2. d4 d5 3. Nc3 dxe4 4. Nxe4 Nf6 5. Nxf6+ exf6 6. Bc4 Bd6 7. Qe2+ Qe7
8. Qxe7+ Kxe7 9. Ne2 Re8 10. Bf4 Be6 11. Bxe6 Kxe6 12. O-O-O Bxf4+ 13. Nxf4+
Kf5 14. Nh5 Kg5 15. g4 Kh6 16. Ng3 g6 17. Rhe1 Nd7 18. h4 Kg7 19. c4 c5 20.
Rxe8 Rxe8 21. Kc2 cxd4 22. Rxd4 Ne5 23. Kc3 Re6 24. Re4 Rd6 25. Kc2 Nd3 26. Re2
Nb4+ 27. Kb3 Nc6 28. Kc3 Ne5 29. g5 Rd3+ 30. Kb4 Nc6+ 31. Kc5 fxg5 32. hxg5 Nd4
33. Re8 Ne6+ 34. Kb4 Nxg5 35. Re7 Rd2 36. b3 Rxf2 37. a4 h5 0-1

[Event "Open Semana Santa 2023"]
[Site "?"]
[Date "2023.04.07"]
[Round "4.14"]
[White "IM Gomez Ledo, Roberto Carlos"]
[Black "IM Suarez Uriel, Adrian"]
[Result "1/2-1/2"]
[WhiteElo "2437"]
[BlackElo "2356"]
[PlyCount "118"]

1. d4 Nf6 2. Nf3 g6 3. e3 Bg7 4. Be2 b6 5. O-O Bb7 6. b3 c5 7. c4 O-O 8. Nc3 e6
9. Ba3 Na6 10. Rc1 Re8 11. Qd2 d6 12. Rfd1 Qe7 13. Qb2 e5 14. dxe5 dxe5 15. Qb1
e4 16. Ne1 h5 17. Nb5 Bc6 18. Bb2 Red8 19. Qa1 Nb4 20. h3 Ne8 21. Bf1 h4 22.
Bxg7 Nxg7 23. a3 Na6 24. Rxd8+ Rxd8 25. Rd1 Rxd1 26. Qxd1 Bxb5 27. cxb5 Nc7 28.
Bc4 Nf5 29. a4 Kg7 30. Nc2 Ne8 31. Na3 Ned6 32. Bf1 Qe5 33. Nc4 Nxc4 34. Bxc4
Nd6 35. Bf1 f5 36. Qd2 Kf6 37. a5 g5 38. Qd1 Kg6 39. a6 Kh6 40. Bc4 Kg7 41. Bf1
Kg6 42. Bc4 Kh6 43. Be2 f4 44. Bg4 fxe3 45. fxe3 Kg7 46. Kh1 Kf6 47. Bd7 Ke7
48. Bg4 Kd8 49. Qf1 Qe7 50. Qd1 Kc7 51. Qd5 Nxb5 52. Qb7+ Kd6 53. Qb8+ Kc6 54.
Qa8+ Kd6 55. Qb8+ Kc6 56. Qa8+ Kd6 57. Qb8+ Kd5 58. Qg8+ Kc6 59. Qa8+ Kd6
1/2-1/2

[Event "Open Semana Santa 2023"]
[Site "?"]
[Date "2023.04.07"]
[Round "4.15"]
[White "IM Espinosa Aranda, Angel"]
[Black "FM Martins, Bruno Andre Leite"]
[Result "1-0"]
[WhiteElo "2429"]
[BlackElo "2348"]
[PlyCount "85"]

1. Nf3 d5 2. g3 Nf6 3. Bg2 c5 4. O-O Nc6 5. d4 e6 6. c4 dxc4 7. dxc5 Qxd1 8.
Rxd1 Bxc5 9. Nfd2 Na5 10. Na3 Bxa3 11. bxa3 Bd7 12. Bb2 Rc8 13. Bc3 b6 14. Rdc1
Bb5 15. Rab1 Ba6 16. Bxa5 bxa5 17. Bb7 Bxb7 18. Rxb7 c3 19. Nb3 a4 20. Nc5 O-O
21. Rxc3 Nd5 22. Rc1 Rc6 23. Nd3 Rxc1+ 24. Nxc1 Rc8 25. Nd3 Nc3 26. Kf1 Ra8 27.
Ne5 f6 28. Nd7 e5 29. Nc5 Rc8 30. Ne6 Re8 31. Nxg7 Rd8 32. Nh5 Rd1+ 33. Kg2 Rd6
34. Rg7+ Kf8 35. Rxa7 Rd2 36. Nxf6 Rxa2 37. Nxh7+ Ke8 38. Nf6+ Kf8 39. h4 Rxa3
40. h5 Nb5 41. Rd7 Rc3 42. h6 Rc7 43. h7 1-0

[Event "Open Semana Santa 2023"]
[Site "?"]
[Date "2023.04.07"]
[Round "4.16"]
[White "GM Sumets, Andrey"]
[Black "WIM Sharma Isha"]
[Result "1-0"]
[WhiteElo "2506"]
[BlackElo "2216"]
[PlyCount "95"]

1. d4 Nf6 2. c4 e6 3. Nf3 Bb4+ 4. Nbd2 O-O 5. a3 Be7 6. g3 b6 7. Bg2 Bb7 8. O-O
c5 9. e3 d5 10. cxd5 Bxd5 11. dxc5 Bxc5 12. b4 Be7 13. Bb2 Nbd7 14. Rc1 Rc8 15.
Qa4 Rxc1 16. Rxc1 Qb8 17. Bxf6 Nxf6 18. Nd4 Bxg2 19. Kxg2 Qa8+ 20. Nc6 Rc8 21.
Nf3 Bf8 22. b5 Nd7 23. Rd1 Nb8 24. Nxb8 Rxb8 25. Rd7 Rb7 26. Qe4 Rb8 27. Qf4 f6
28. Qc7 Kh8 29. a4 e5 30. Qxa7 Qxa7 31. Rxa7 Bb4 32. g4 Re8 33. Rb7 Ba5 34. g5
Kg8 35. Nh4 fxg5 36. Nf5 Kh8 37. Nxg7 Rg8 38. Nf5 Rf8 39. Nd6 Kg8 40. Rd7 Be1
41. Ne4 Bb4 42. Nxg5 Ra8 43. Rxh7 Rxa4 44. Rh4 Kg7 45. Nf3 Kf6 46. Rc4 Kf5 47.
e4+ Kf4 48. Ne1 1-0

[Event "Open Semana Santa 2023"]
[Site "?"]
[Date "2023.04.07"]
[Round "4.17"]
[White "FM Diaz Velandia, Jose Manuel"]
[Black "GM Moussard, Jules"]
[Result "0-1"]
[WhiteElo "2318"]
[BlackElo "2667"]
[PlyCount "76"]

1. b3 e5 2. Bb2 Nc6 3. c4 g6 4. g3 Bg7 5. Bg2 Nge7 6. Nc3 O-O 7. d3 d6 8. h4 h6
9. e3 a5 10. Nge2 Re8 11. Qd2 Bf5 12. a3 h5 13. Rb1 Qd7 14. Bc1 Nd8 15. b4 axb4
16. axb4 c6 17. e4 Be6 18. O-O Bh3 19. Bb2 Bxg2 20. Kxg2 Ne6 21. Ra1 f5 22. Na4
Rad8 23. f3 d5 24. exd5 cxd5 25. Qc2 f4 26. gxf4 Nf5 27. Kg1 Ne3 28. Qc1 d4 29.
Rf2 exf4 30. Nb6 Qf7 31. Ra7 Bf6 32. Rh2 g5 33. hxg5 Nxg5 34. Kf2 Qe6 35. Nxf4
Qf5 36. Nbd5 Rxd5 37. Nxd5 Qxf3+ 38. Kg1 Nh3+ 0-1